000 00218nam a2200097Ia 4500
005 20251222114345.0
008 251222s1900||||xx |||||||||||||| ||spa||
082 _aDVD0094/L49
245 0 _aCurso de Francés:
942 _cDVD
999 _c1013
_d1013